| 000 | 00310nam a2200121Ia 4500 | ||
|---|---|---|---|
| 008 | 230907s9999||||xx |||||||||||||| ||und|| | ||
| 082 |
_a621.3 _b,KIM |
||
| 100 |
_aKimbark, Edward Wilson _941429 |
||
| 245 | 0 | _aPower Systems stability / | |
| 260 |
_aWiley, _bNew Delhi : _c2004 |
||
| 300 | _a288 p. | ||
| 942 | _cBK | ||
| 999 |
_c598278 _d598278 |
||